| 000 | 00440nam a22001457a 4500 | ||
|---|---|---|---|
| 020 | _a9698772006 | ||
| 082 |
_a954.6052 _bMAZ 2003 |
||
| 100 | _aShireen M Mazari | ||
| 245 | _aThe Kargil Conflict 1999 | ||
| 260 |
_aIslamabad _bThe Institute of Strategic Studies Islamabad _c2003 |
||
| 300 |
_a162 _e24cm |
||
| 520 | _aPost-Simla Developments along the LOC, Post-1998 Nuclearisation of South Asia | ||
| 700 | _aShireen M Mazari | ||
| 942 | _cBK | ||
| 999 |
_c15952 _d15952 |
||